00353nam a2200121Ia 4500008004100000041000800041082001200049100002100061245004500082260004400127300001900171520004100190240719s9999 xx 000 0 und d aeng a920 GUP aGupta, K. Vishal a75 Amazing Indians Who Made A Difference aNew DehlibVitasta Publishing Pvtc2024 a369;. P. 21 cm aFaculty Purchase by Dr.Veena Pailwar